Lie to Me Characters Quiz Stats

 Plays Quiz not verified by Sporcle

Challenge
Share
Tweet
Embed
Score 0/6 Timer 08:00
0 Plays Today
% Correct
Emily Lightman
77%
Eli Loker
69%
Ria Torres
69%
Dr. Cal Lightman
61.1%
Dr. Gillian Foster
50.4%
Ben Reynolds
35.4%

You're not logged in!

Compare scores with friends on all Sporcle quizzes.
OR
Log In

You Might Also Like...

Show Comments

Extras

Created Feb 4, 2010ReportNominate
Tags:character, lie

Top Quizzes Today


Score Distribution

Your Account Isn't Verified!

In order to create a playlist on Sporcle, you need to verify the email address you used during registration. Go to your Sporcle Settings to finish the process.

Report this User

Report this user for behavior that violates our Community Guidelines.

Details: